| 000 | 00458nam a22001577a 4500 | ||
|---|---|---|---|
| 005 | 20250223095731.0 | ||
| 008 | 250223b |||||||| |||| 00| 0 eng d | ||
| 020 | _a9788180040115 | ||
| 050 | _aRJ48 KUM | ||
| 100 | _aKumar, A. Santosh | ||
| 245 |
_aHandbook of Pediatrics/ _cA. Santosh Kumar |
||
| 250 | _a4th ed. | ||
| 260 |
_aNew Delhi _bAll India Publishers & Distributors _c2007 |
||
| 300 |
_a418p. _bill. some color _c21.5cm |
||
| 942 |
_2lcc _cBK _e4th ed. _n0 |
||
| 999 |
_c4162 _d4162 |
||